00990nam a2200181 i 4500001000700000003000900007007000300016008004100019100002100060245005500081260003500136300002800171490003800199505046300237700003700700830003800737852003300775103779ES-MaACLt|051118m19621963sp ||||1| spa d1 aMerlet, Raymond.10aTecnología de la electricidad / cpor R. Merlet. aMadrid : bAguilar, c1962-63. a3 v. : bil. ; c21 cm.1 aLibros de formación profesional8 aContiene: T.I.-- Materiales. Instalaciones domésticas e industriales. Equipo eléctrico de los automóviles. Versión española de Ricardo García-Pelayo Alonso. T.II.-- Producción, transformación y transporte de la electricidad. Motores de corriente continua y alterna. Mando y control automáticos. Versión de Ricardo García-Pelayo Alonso. T.III.-- Bobinado de máquinas eléctricas. Versión española de Ricardo García-Pelayo Alonso1 aGarcía Pelayo Alonso, Ricardo.0 aLibros de formación profesional aES-MaACLjE-4292-4 bR.51041